The C programming language / (Record no. 40821)

MARC details
000 -LEADER
fixed length control field 00769nam a22002057a 4500
005 - DATE AND TIME OF LATEST TRANSACTION
control field 20100811102855.0
010 ## - LCCN (DPL NO)
LC control number ENG-99600
020 ## - INTERNATIONAL STANDARD BOOK NUMBER
International Standard Book Number 9788173198120
Terms of availability 100.00
035 ## - SYSTEM CONTROL NUMBER
System control number EN-83132
037 ## - SOURCE OF ACQUISITION
Source of stock number/acquisition DBAD/PUB
082 ## - DEWEY DECIMAL CLASSIFICATION NUMBER
Classification number 005.133
100 ## - MAIN ENTRY--PERSONAL NAME
Personal name Goyal, A. K.
245 ## - TITLE STATEMENT
Title The C programming language /
Statement of responsibility, etc by A. K. Goyal
260 ## - PUBLICATION, DISTRIBUTION, ETC. (IMPRINT)
Place of publication, distribution, etc New Delhi
Name of publisher, distributor, etc Narosa Publishing House
Date of publication, distribution, etc 2008
270 ## - ADDRESS
Address 22 Delhi Medical Association Raod, Daryaganj
City New Delhi
Postal code 110002
300 ## - PHYSICAL DESCRIPTION
Extent xviii, 191p.
Dimensions 24cm (pbk)
650 ## - SUBJECT ADDED ENTRY--TOPICAL TERM
Topical term or geographic name as entry element C+Computer programme language
942 ## - ADDED ENTRY ELEMENTS (KOHA)
Source of classification or shelving scheme Dewey Decimal Classification
Item type English Books
Classification part 005.133
Call number suffix GOY
Holdings
Withdrawn status Lost status Not for loan Collection code Home library Current library Date acquired Source of acquisition Cost, normal purchase price Full call number Barcode Copy number Cost, replacement price Koha item type
      Non-fiction Janak Puri Janak Puri 11/08/2010 DBAD/PUB 100.00 005.133 GOY EN-83132 1 100.00 English Books

© Delhi Public Library
Hit Counter
free hit counter